000 00548nam a2200205Ia 4500
003 GCL
008 140319s9999 xx 000 0 ara d
040 _aGCL /
_cGCL
082 0 4 _a370.1
_bس ت
100 1 _aسعد مرسى احمد
245 1 0 _aالتربية والتقدم /
_cسعد مرسى احمد
260 _a[S.N] :
_bعالم الكتب الحديث ،
_c1991
300 _a242 ص
490 _a
650 0 4 _aالتعليم
650 0 4 _aالتربية
650 0 4 _aفلسفة
650 0 4 _aنظريات
942 _2ddc
_cBK
999 _c31154
_d31154